| 000 | 00610nam a2200193Ia 4500 | ||
|---|---|---|---|
| 003 | IN-BaIIA | ||
| 008 | 211028s9999 xx 000 0 eng d | ||
| 040 | _cIIA Library | ||
| 080 |
_a83.83 _bJAS |
||
| 100 |
_aJaschek, C. _9988 |
||
| 245 | 0 |
_aCatalogue of stellar spectra classified in the morgan keenan system _cC. Jaschek |
|
| 260 |
_aPlata _bUniversidad Nacional De La Plata _c1964 |
||
| 300 | _a153p | ||
| 650 | _aAstronomy and Astrophysics Thesaurus | ||
| 650 |
_aCatalogue-MK Spectral Classifications _9989 |
||
| 650 |
_aMK Spectral Classifications _9990 |
||
| 650 |
_aSteller Spectra _9991 |
||
| 942 | _cBK | ||
| 999 |
_c431 _d431 |
||